000 01021nam a22003137a 4500
003 CHAP
005 20220329135601.0
008 971013s1967 r 00010 d
010 _a38851
011 _a39823
035 _a43948
040 _cCHAP
090 _aTesis
100 0 0 _aMolina Castro, Roberto.
_977337
245 _aAlgunos aspectos del crédito agrícola de capacitación en El Salvador
260 _aSan Salvador :
_bEl autor,
_c1967
300 _a73 h
502 _aTesis (Ing. Agrónomo) -- Univ. de El Salvador. Fac. de Ciencias Agronómicas
590 _aALEPH
_b10
_c20130110
_lUCH01
_h1305
590 _aBATCH-UPD
_b10
_c20130110
_lUCH01
_h0223
590 _aBATCH-UPD
_b10
_c20130110
_lUCH01
_h2127
590 _aBATCH-UPD
_b10
_c20130409
_lUCH01
_h2244
590 _aBATCH-UPD
_b10
_c20130914
_lUCH01
_h1101
590 _aCONVERSION
_b10
_c20130109
_lUCH01
_h1322
650 1 4 _aCrédito agrícola
_xEl Salvador.
_929053
901 _aBK
942 _cTESIS
949 _bBC
_cTES
_d-100583
_eTS1
_i43948
_si
999 _c38851
_d38851